MARC details
| 000 -CABECERA |
| campo de control de longitud fija |
01248nam a2200277 a 4500 |
| 001 - NÚMERO DE CONTROL |
| campo de control |
000005420 |
| 005 - FECHA Y HORA DE LA ÚLTIMA TRANSACCIÓN |
| campo de control |
20200929151655.0 |
| 008 - DATOS DE LONGITUD FIJA--INFORMACIÓN GENERAL |
| campo de control de longitud fija |
090819s19841986es 001 0 spa d |
| 020 ## - NÚMERO INTERNACIONAL ESTÁNDAR DEL LIBRO |
| Número Internacional Estándar del Libro |
8400058062 |
| 040 ## - FUENTE DE LA CATALOGACIÓN |
| Centro catalogador/agencia de origen |
DO-SdBNP |
| Lengua de catalogación |
spa |
| Centro/agencia transcriptor |
BNPHU |
| 082 ## - NÚMERO DE LA CLASIFICACIÓN DECIMAL DEWEY |
| Número de clasificación |
R 016.972803 |
| Número de documento/Ítem |
C322c |
| 049 ## - FONDOS LOCALES (OCLC) |
| Fondos de biblioteca |
BNPD |
| 245 00 - MENCIÓN DE TÍTULO |
| Título |
Cartas de cabildos hispanoamericanos : |
| Resto del título |
audiencia de Guatemala / |
| Mención de responsabilidad, etc. |
edición Javier Ortíz de la Tabla, Bibiano Torres Ramírez, Enriqueta Vila Vilar. |
| 260 ## - PUBLICACIÓN, DISTRIBUCIÓN, ETC. |
| Lugar de publicación, distribución, etc. |
Sevilla : |
| Nombre del editor, distribuidor, etc. |
Escuela de Estudios Hipanoamericanos, |
| Fecha de publicación, distribución, etc. |
1984-1986. |
| 300 ## - DESCRIPCIÓN FÍSICA |
| Extensión |
2v. ; |
| Dimensiones |
25 cm. |
| 490 1# - MENCIÓN DE SERIE |
| Mención de serie |
Publicaciones de la Escuela de Estudios Hispano-Americanos de Sevilla, |
| Designación de volumen o secuencia |
301, 321 |
| 500 ## - NOTA GENERAL |
| Nota general |
A la cabeza de la portada Publicación conmemorativa del V Centenario del Descubrimiento de América. |
| 500 ## - NOTA GENERAL |
| Nota general |
Incluye índice onomástico |
| 651 #4 - PUNTO DE ACCESO ADICIONAL DE MATERIA--NOMBRE GEOGRÁFICO |
| Nombre geográfico |
América Central |
| Subdivisión general |
Historia |
| 9 (RLIN) |
15383 |
| 651 #4 - PUNTO DE ACCESO ADICIONAL DE MATERIA--NOMBRE GEOGRÁFICO |
| Nombre geográfico |
Guatemala |
| Subdivisión general |
Historia |
| Subdivisión cronológica |
FLORECIMIENTO COLONIAL, 1720-1821 |
| 9 (RLIN) |
15384 |
| 700 12 - PUNTO DE ACCESO ADICIONAL--NOMBRE DE PERSONA |
| Nombre de persona |
Ortíz de la Tabla, Javier |
| Término indicativo de función/relación |
ed. |
| 9 (RLIN) |
15385 |
| 700 12 - PUNTO DE ACCESO ADICIONAL--NOMBRE DE PERSONA |
| Nombre de persona |
Torres Ramírez, Bibiano |
| Término indicativo de función/relación |
ed. |
| 9 (RLIN) |
14974 |
| 700 12 - PUNTO DE ACCESO ADICIONAL--NOMBRE DE PERSONA |
| Nombre de persona |
Vila Vilar, Enriqueta |
| Término indicativo de función/relación |
ed. |
| 9 (RLIN) |
15386 |
| 830 #0 - PUNTO DE ACCESO ADICIONAL DE SERIE-TÍTULO UNIFORME |
| Título uniforme |
Publicaciones de la Escuela de Estudios Hispano-Americanos de Sevilla, |
| Número de parte o sección de la obra |
301, 321 |
| 9 (RLIN) |
15387 |
| 910 ## - DATOS DE OPCIÓN DEL USUARIO (OCLC) |
| Datos de opción del usuario |
Validado. Control de calidad MFF |